Viết câu và thực hành viết luận Sentence writing & composition practice

Gespeichert in:
Bibliographische Detailangaben
1. Verfasser: Nandy, Milon
Weitere Verfasser: Nguyễn, Thành Yến (Giới thiệu)
Format: Buch
Veröffentlicht: T.P. Hồ Chí Minh Tổng hợp T.P. Hồ Chí Minh 2001
Schriftenreihe:Ngữ pháp tiếng Anh căn bản
Schlagworte:
Tags: Tag hinzufügen
Keine Tags, Fügen Sie den ersten Tag hinzu!
Thư viện lưu trữ: Trung tâm Học liệu Lê Vũ Hùng, Trường Đại học Đồng Tháp
LEADER 01279pam a22003858a 4500
001 00033504
005 20171026081025.0
008 150917s2001 ||||||Engsd
020 # # |c 9000 
041 0 # |a Eng 
082 1 4 |a 428  |b V308C 
100 1 # |a Nandy, Milon 
245 1 0 |a Viết câu và thực hành viết luận  |c Milon Nandy; Nguyễn Thành Yến (giới thiệu)  |b Sentence writing & composition practice 
260 # # |a T.P. Hồ Chí Minh  |b Tổng hợp T.P. Hồ Chí Minh  |c 2001 
300 # # |a 52 tr.  |c 23 cm. 
490 # # |a Ngữ pháp tiếng Anh căn bản 
653 # # |a Ngôn ngữ 
653 # # |a Ngữ pháp 
653 # # |a Viết luận 
653 # # |a Viết câu 
653 # # |a Tiếng Anh 
700 1 # |a Nguyễn, Thành Yến  |e Giới thiệu 
852 # # |b Kho giáo trình  |j KGT.0049897, KGT.0049940, KGT.0049941, KGT.0049942 
852 # # |j KGT.0049941  |j KGT.0049942  |j KD.0016869  |j KGT.0049897  |j KGT.0049940 
852 # # |b Kho đọc  |j KD.0016869 
852 # # |b Kho mượn  |j KGT.0049897 
910 0 # |d 17/9  |a kchi 
980 # # |a Trung tâm Học liệu Lê Vũ Hùng, Trường Đại học Đồng Tháp